[Event "NED-ch U17"]
[Site "Haarlem"]
[Date "2012.05.02"]
[Round "5"]
[White "Van Heusden, David"]
[Black "Dubbeldam, Mathijs"]
[Result "0-1"]
[WhiteElo "1613"]
[BlackElo "1121"]
[PlyCount "68"]
[EventDate "2012.04.28"]
[EventType "swiss"]
[EventRounds "9"]
[EventCountry "NED"]
[SourceTitle "EXT 2013"]
[Source "ChessBase"]
[SourceDate "2012.11.22"]
[SourceVersion "1"]
[SourceVersionDate "2012.11.22"]
[SourceQuality "1"]

1. e4 e6 2. d4 b6 3. Nc3 Bb7 4. Nf3 Bb4 5. Bd3 Ne7 6. Bd2 0-0 7. a3 Bxc3 8. bxc3 f5 9. e5 Ng6 10. 0-0 Nh4 11. Be2 Ng6 12. Bg5 Qe8 13. Re1 Nc6 14. Bc4 Nce7 15. Bd2 f4 16. Ng5 Nh4 17. Qg4 Nxg2 18. Rf1 h6 19. Bxe6+ dxe6 20. Nxe6 Qg6 21. Qxg6 Nxg6 22. Nxf8 Rxf8 23. c4 Bf3 24. e6 Rf5 25. Rfc1 Rg5 26. Kf1 a5 27. Rab1 N6h4 28. Rb3 Kf8 29. Rcb1 Ke7 30. d5 Re5 31. Bc3 Be2+ 32. Kg1 Rg5 33. Kh1 Bf3 34. h3 Ne3+ 0-1

[Event "NED-ch U17"]
[Site "Haarlem"]
[Date "2012.04.29"]
[Round "2"]
[White "Gieben, Stijn"]
[Black "Van Heusden, David"]
[Result "1-0"]
[WhiteElo "2081"]
[BlackElo "1613"]
[PlyCount "103"]
[EventDate "2012.04.28"]
[EventType "swiss"]
[EventRounds "9"]
[EventCountry "NED"]
[SourceTitle "EXT 2013"]
[Source "ChessBase"]
[SourceDate "2012.11.22"]
[SourceVersion "1"]
[SourceVersionDate "2012.11.22"]
[SourceQuality "1"]

1. e4 e6 2. d4 d5 3. Nd2 Nf6 4. e5 Nfd7 5. Bd3 c5 6. c3 Nc6 7. Ne2 f6 8. exf6 Nxf6 9. Nf3 c4 10. Bc2 Bd6 11. Bf4 b5 12. Ne5 Bb7 13. 0-0 Qc7 14. Re1 0-0-0 15. Nxc6 Bxc6 16. Be5 Rdg8 17. a4 a6 18. Nf4 Bd7 19. axb5 axb5 20. Ra6 Bxe5 21. dxe5 Qb7 22. Ra3 Ne8 23. Qd4 Kb8 24. Rea1 Nc7 25. Ra7 Qc6 26. Ne2 Bc8 27. Nc1 Na6 28. b3 Rd8 29. Qe3 Rd7 30. Rxd7 Bxd7 31. Ne2 Bc8 32. Nd4 Qc5 33. b4 Qb6 34. Qg5 Nxb4 35. Rb1 Qa7 36. Rxb4 Qa1+ 37. Rb1 Qxc3 38. Qe3 Qxe3 39. fxe3 Bd7 40. Nxb5 Bxb5 41. Rxb5+ Ka7 42. Kf2 h6 43. Bg6 Rc8 44. Ke2 Ka6 45. Rb4 Rc7 46. Kd2 Ka5 47. Kc3 Ra7 48. Rb8 Rc7 49. Re8 Rb7 50. Rxe6 Rb3+ 51. Kd4 c3 52. Bc2 1-0

[Event "NED-ch U17"]
[Site "Haarlem"]
[Date "2012.04.28"]
[Round "1"]
[White "Van Heusden, David"]
[Black "Cox, Jan"]
[Result "0-1"]
[WhiteElo "1613"]
[BlackElo "2006"]
[PlyCount "74"]
[EventDate "2012.04.28"]
[EventType "swiss"]
[EventRounds "9"]
[EventCountry "NED"]
[SourceTitle "EXT 2013"]
[Source "ChessBase"]
[SourceDate "2012.11.22"]
[SourceVersion "1"]
[SourceVersionDate "2012.11.22"]
[SourceQuality "1"]

1. e4 e5 2. Nf3 Nc6 3. Bc4 Nf6 4. d3 Bc5 5. Nc3 d6 6. 0-0 0-0 7. Bg5 h6 8. Bh4 Be6 9. Bd5 g5 10. Bg3 Bg4 11. Bxc6 bxc6 12. Na4 Bb6 13. Nxb6 axb6 14. h3 Be6 15. Qd2 Nh5 16. h4 Nf4 17. hxg5 hxg5 18. Bxf4 gxf4 19. g3 Bh3 20. gxf4 Qf6 21. f5 Qg7+ 22. Qg5 Bxf1 23. Kxf1 Qxg5 24. Nxg5 Kg7 25. Ke2 Rh8 26. a3 Kf6 27. Rg1 Rag8 28. Nh7+ Ke7 29. Ng5 Rg7 30. Nf3 Rgh7 31. d4 Kf6 32. dxe5+ dxe5 33. Ne1 Rh1 34. Rg3 R8h4 35. f3 R4h2+ 36. Ng2 Rc1 37. c3 Rc2+ 0-1